[Event "Santa Cruz de Tenerife op 9th"]
[Site "Santa Cruz de Tenerife"]
[Date "2023.08.02"]
[Round "8"]
[White "Martin Lucilla, Antonio Nicolas"]
[Black "Exposito Cruz, Airam"]
[Result "0-1"]
[WhiteElo "1505"]
[BlackElo "1457"]
[PlyCount "62"]
[EventDate "2023.07.17"]
[EventType "swiss"]
[EventRounds "9"]
[EventCountry "ESP"]
[SourceTitle "CBM 215 Extra"]
[Source "ChessBase"]
[SourceDate "2023.09.30"]
[SourceVersion "1"]
[SourceVersionDate "2023.09.30"]
[SourceQuality "1"]

1. c4 Nf6 2. d4 e6 3. Nf3 b6 4. Nc3 Bb4 5. Bd2 Bb7 6. e3 0-0 7. Bd3 d5 8. cxd5 exd5 9. Rc1 Re8 10. 0-0 Bf8 11. Ne5 Nbd7 12. Bb5 Nxe5 13. Bxe8 Nd3 14. Ba4 Nxc1 15. Bxc1 a6 16. Bc2 Bd6 17. f3 Qe7 18. e4 dxe4 19. Re1 c5 20. d5 Nxd5 21. Rxe4 Qd7 22. Nxd5 Bxd5 23. Rh4 g6 24. Qd2 Qe7 25. Rg4 Qe5 26. f4 Qd4+ 27. Qxd4 cxd4 28. f5 Bc5 29. Kh1 Re8 30. Bd2 Re2 31. fxg6 hxg6 0-1

[Event "Tenerife-chT Tercera"]
[Site "Tenerife"]
[Date "2023.02.11"]
[Round "5.1"]
[White "Exposito Cruz, Airam"]
[Black "Canovas Pordomingo, Miguel Angel"]
[Result "0-1"]
[WhiteElo "1434"]
[BlackElo "2005"]
[PlyCount "52"]
[EventDate "2023.01.14"]
[EventType "team-tourn"]
[EventRounds "15"]
[EventCountry "ESP"]
[SourceTitle "EXT 2024"]
[Source "ChessBase"]
[SourceDate "2023.10.10"]
[SourceVersion "1"]
[SourceVersionDate "2023.10.10"]
[SourceQuality "1"]
[WhiteTeam "Ebano Barrio Nuevo IV"]
[BlackTeam "Canarias 64 II"]
[WhiteTeamCountry "ESP"]
[BlackTeamCountry "ESP"]

1. e4 e6 2. b3 d5 3. Bb2 c5 4. e5 Nc6 5. f4 Nge7 6. Nf3 Nf5 7. c3 h5 8. Na3 a6 9. Nc2 g6 10. Be2 h4 11. d4 cxd4 12. Nfxd4 Bd7 13. Nxf5 gxf5 14. Nd4 Qb6 15. Bf3 0-0-0 16. Qd3 Kb8 17. 0-0-0 Bh6 18. g3 Nxe5 19. Qe2 Nc6 20. c4 Rhg8 21. cxd5 Nb4 22. Kb1 Nxd5 23. Bxd5 exd5 24. Qe5+ Ka8 25. Nxf5 Rge8 26. Bd4 Qg6 0-1

[Event "Canarias-ch"]
[Site "Brena Baja"]
[Date "2022.06.02"]
[Round "3"]
[White "Exposito Cruz, Airam"]
[Black "Guerra Arrocha, Daniel"]
[Result "0-1"]
[WhiteElo "1440"]
[BlackElo "1985"]
[PlyCount "65"]
[EventDate "2022.06.01"]
[EventType "swiss"]
[EventRounds "6"]
[EventCountry "ESP"]
[SourceTitle "CBM 208 Extra"]
[Source "ChessBase"]
[SourceDate "2022.07.31"]
[SourceVersion "1"]
[SourceVersionDate "2022.07.31"]
[SourceQuality "1"]

1. e4 c5 2. Nf3 a6 3. c4 g6 4. d4 Bg7 5. Nc3 cxd4 6. Nxd4 Nc6 7. Be3 d6 8. Be2 Nf6 9. 0-0 0-0 10. Nc2 Bd7 11. f3 Rc8 12. Nd5 Nxd5 13. exd5 Na5 14. b3 Bxa1 15. Qxa1 e5 16. Qe1 b5 17. Qf2 Nb7 18. Bh6 Re8 19. f4 Qf6 20. Bg5 Qg7 21. fxe5 dxe5 22. Bf6 Qf8 23. h4 bxc4 24. bxc4 Nd6 25. h5 Ne4 26. Qa7 Qc5+ 27. Qxc5 Rxc5 28. Bh4 Nd2 29. Bf2 Rcc8 30. c5 Nxf1 31. Kxf1 Rxc5 32. Bxc5 Rc8 33. Ke1 0-1

[Event "Tenerife-ch"]
[Site "Santa Cruz"]
[Date "2022.04.27"]
[Round "4"]
[White "Exposito Cruz, Airam"]
[Black "Velasquez Vargas, Sebastian"]
[Result "1-0"]
[WhiteElo "1433"]
[BlackElo "1302"]
[PlyCount "97"]
[EventDate "2022.04.20"]
[EventType "swiss"]
[EventRounds "9"]
[EventCountry "ESP"]
[SourceTitle "EXT 2023"]
[Source "ChessBase"]
[SourceDate "2022.10.05"]
[SourceVersion "1"]
[SourceVersionDate "2022.10.05"]
[SourceQuality "1"]

1. e4 e5 2. Nf3 Nc6 3. Bb5 Bc5 4. 0-0 d6 5. c3 Bg4 6. d3 Nf6 7. Re1 a6 8. Bxc6+ bxc6 9. Be3 Bb6 10. Nbd2 Qb8 11. Qa4 Bd7 12. Nc4 c5 13. Qc2 Be6 14. Rad1 Bg4 15. d4 cxd4 16. cxd4 exd4 17. Bxd4 Bxd4 18. Rxd4 Qa7 19. e5 Nd7 20. exd6+ Kd8 21. dxc7+ Qxc7 22. Rxg4 Rc8 23. Rd4 Qa7 24. Qa4 h5 25. Nb6 Rc7 26. Rxd7+ Rxd7 27. Nxd7 Qxd7 28. Rd1 Qxd1+ 29. Qxd1+ Ke8 30. Qd6 Rh6 31. Qxh6 gxh6 32. Kf1 Kd7 33. Ke2 Kd6 34. Kd3 Kd5 35. b4 f6 36. h4 Kc6 37. Kc4 Kd6 38. a4 Kc6 39. b5+ axb5+ 40. axb5+ Kb6 41. Kb4 Kb7 42. Kc5 Kc7 43. b6+ Kb7 44. Kb5 Kb8 45. Kc6 Kc8 46. b7+ Kb8 47. Kb6 f5 48. Nd4 f4 49. Nc6# 1-0

[Event "Tenerife-ch"]
[Site "Santa Cruz"]
[Date "2022.04.25"]
[Round "3"]
[White "Exposito Cruz, Airam"]
[Black "Rizoev, Rifat"]
[Result "0-1"]
[WhiteElo "1433"]
[BlackElo "1696"]
[PlyCount "40"]
[EventDate "2022.04.20"]
[EventType "swiss"]
[EventRounds "9"]
[EventCountry "ESP"]
[SourceTitle "EXT 2023"]
[Source "ChessBase"]
[SourceDate "2022.10.05"]
[SourceVersion "1"]
[SourceVersionDate "2022.10.05"]
[SourceQuality "1"]

1. e4 d6 2. d4 Nf6 3. Nc3 e5 4. Nf3 Nbd7 5. Bc4 Be7 6. 0-0 0-0 7. h3 c6 8. a4 a5 9. Qe2 exd4 10. Nxd4 Ne5 11. Ba2 Qc7 12. Rd1 Rd8 13. f4 Ng6 14. Qc4 d5 15. exd5 Nxd5 16. Nxd5 Rxd5 17. Be3 Nxf4 18. Nb5 Nxh3+ 19. gxh3 Qg3+ 20. Kf1 Bxh3+ 0-1

[Event "Santa Cruz de Tenerife op 31st"]
[Site "Santa Cruz de Tenerife"]
[Date "2021.12.29"]
[Round "9"]
[White "Martinez Dubra, Mathias Nicolas"]
[Black "Exposito Cruz, Airam"]
[Result "1-0"]
[WhiteElo "1569"]
[BlackElo "1432"]
[PlyCount "35"]
[EventDate "2021.12.14"]
[EventType "swiss"]
[EventRounds "9"]
[EventCountry "ESP"]
[SourceTitle "EXT 2023"]
[Source "ChessBase"]
[SourceDate "2022.10.05"]
[SourceVersion "1"]
[SourceVersionDate "2022.10.05"]
[SourceQuality "1"]

1. d4 Nf6 2. g3 e6 3. Bg2 d5 4. Nf3 c5 5. c3 Nc6 6. 0-0 Bd6 7. Nbd2 b6 8. Re1 Bb7 9. Qc2 Ne7 10. Ne5 0-0 11. e4 Qc7 12. Nxf7 Rxf7 13. e5 cxd4 14. exd6 Qxd6 15. cxd4 Nf5 16. Nf3 Rc7 17. Qd3 Ne4 18. Bf4 1-0

[Event "Santa Cruz de Tenerife op 31st"]
[Site "Santa Cruz de Tenerife"]
[Date "2021.12.27"]
[Round "7"]
[White "Mesa Rodriguez, Antonio"]
[Black "Exposito Cruz, Airam"]
[Result "0-1"]
[WhiteElo "1029"]
[BlackElo "1432"]
[PlyCount "80"]
[EventDate "2021.12.14"]
[EventType "swiss"]
[EventRounds "9"]
[EventCountry "ESP"]
[SourceTitle "CBM 206 Extra"]
[Source "ChessBase"]
[SourceDate "2022.03.31"]
[SourceVersion "1"]
[SourceVersionDate "2022.03.31"]
[SourceQuality "1"]

1. d4 Nf6 2. b3 b6 3. Bb2 Bb7 4. Nf3 e6 5. c4 Bb4+ 6. Bc3 Be7 7. Nbd2 0-0 8. e3 d5 9. Rb1 c5 10. b4 cxb4 11. Bxb4 Bxb4 12. Rxb4 Nc6 13. Rb2 Rc8 14. c5 Nd7 15. Bd3 f6 16. Qb1 g6 17. h4 e5 18. Bxg6 e4 19. Bxh7+ Kxh7 20. Nh2 f5 21. g3 Na5 22. cxb6 axb6 23. Qd1 Nf6 24. g4 Nc4 25. Nxc4 Rxc4 26. g5 Ng4 27. Nxg4 fxg4 28. Rg1 Qc8 29. Qxg4 Rc1+ 30. Qd1 Qc3+ 31. Rd2 Rxd1+ 32. Kxd1 Qa1+ 33. Ke2 Ba6+ 34. Rd3 Bxd3+ 35. Kd2 Qxg1 36. g6+ Kxg6 37. h5+ Kxh5 38. Kc3 Qc1+ 39. Kb4 Qb1+ 40. Ka3 Ra8# 0-1

[Event "Santa Cruz de Tenerife op 31st"]
[Site "Santa Cruz de Tenerife"]
[Date "2021.12.20"]
[Round "4"]
[White "Rodriguez Perez, Mauro"]
[Black "Exposito Cruz, Airam"]
[Result "1-0"]
[WhiteElo "1839"]
[BlackElo "1432"]
[PlyCount "84"]
[EventDate "2021.12.14"]
[EventType "swiss"]
[EventRounds "9"]
[EventCountry "ESP"]
[SourceTitle "CBM 206 Extra"]
[Source "ChessBase"]
[SourceDate "2022.03.31"]
[SourceVersion "1"]
[SourceVersionDate "2022.03.31"]
[SourceQuality "1"]

1. d4 Nf6 2. Bf4 b6 3. e3 Bb7 4. Nf3 g6 5. Be2 Bg7 6. c4 0-0 7. Nc3 d6 8. Rc1 Nbd7 9. 0-0 Re8 10. h3 e5 11. Bh2 Ne4 12. Nxe4 Bxe4 13. b4 a5 14. a3 axb4 15. axb4 Qe7 16. Re1 h5 17. dxe5 dxe5 18. Qb3 c5 19. b5 Bf5 20. Red1 e4 21. Nd2 Ra7 22. Nb1 Be5 23. Bf4 Qh4 24. Nc3 Bxf4 25. exf4 Qxf4 26. Nd5 Qe5 27. Rd2 Rea8 28. Ne3 Ra3 29. Qd1 Ra1 30. Bf1 Rxc1 31. Qxc1 Ra1 32. Qc2 Be6 33. Nd5 Bxh3 34. Rd1 Rxd1 35. Qxd1 Bg4 36. Qd2 Be6 37. Nxb6 Qd4 38. Qxd4 cxd4 39. Nxd7 Bxd7 40. c5 d3 41. c6 Bc8 42. b6 Ba6 1-0

[Event "Tenerife-chT Primera"]
[Site "Tenerife"]
[Date "2021.06.06"]
[Round "9.4"]
[White "Rodriguez Acosta, Raul"]
[Black "Exposito Cruz, Airam"]
[Result "1-0"]
[WhiteElo "1529"]
[BlackElo "1447"]
[PlyCount "44"]
[EventDate "2021.02.27"]
[EventType "team-tourn"]
[EventRounds "14"]
[EventCountry "ESP"]
[SourceTitle "EXT 2023"]
[Source "ChessBase"]
[SourceDate "2022.10.05"]
[SourceVersion "1"]
[SourceVersionDate "2022.10.05"]
[SourceQuality "1"]
[WhiteTeam "La Victoria 94"]
[BlackTeam "Ebano Barrio Nuevo II"]
[WhiteTeamCountry "ESP"]
[BlackTeamCountry "ESP"]

1. d4 Nf6 2. Nf3 e6 3. Bf4 d5 4. e3 c5 5. c3 Nc6 6. Nbd2 cxd4 7. exd4 Nh5 8. Be3 Bd6 9. Bb5 Qb6 10. Bxc6+ bxc6 11. Rb1 Nf4 12. 0-0 Ba6 13. c4 dxc4 14. Ne5 Nd5 15. Ndxc4 Qc7 16. Nxd6+ Qxd6 17. Qf3 0-0 18. Rfc1 Rfc8 19. Qxf7+ Kh8 20. Qh5 Kg8 21. Qf7+ Kh8 22. Rc5 Nf6 1-0

[Event "Tenerife-chT Primera"]
[Site "Tenerife"]
[Date "2021.06.05"]
[Round "8.3"]
[White "Exposito Cruz, Airam"]
[Black "Diaz Reyes, Franklin"]
[Result "1/2-1/2"]
[WhiteElo "1447"]
[BlackElo "1810"]
[PlyCount "46"]
[EventDate "2021.02.27"]
[EventType "team-tourn"]
[EventRounds "14"]
[EventCountry "ESP"]
[SourceTitle "EXT 2023"]
[Source "ChessBase"]
[SourceDate "2022.10.05"]
[SourceVersion "1"]
[SourceVersionDate "2022.10.05"]
[SourceQuality "1"]
[WhiteTeam "Ebano Barrio Nuevo II"]
[BlackTeam "Fundacion La Caja de Canarias II"]
[WhiteTeamCountry "ESP"]
[BlackTeamCountry "ESP"]

1. e4 e6 2. b3 d5 3. Bb2 Nf6 4. e5 Nfd7 5. Qg4 c5 6. f4 Nc6 7. Nf3 a6 8. Be2 b5 9. 0-0 g6 10. Ng5 Ndb8 11. c4 bxc4 12. bxc4 d4 13. Bf3 Be7 14. Ne4 Bb7 15. Ba3 Nd7 16. d3 Rb8 17. Nbd2 a5 18. Nb3 Nb4 19. Bxb4 axb4 20. a4 bxa3 21. Rxa3 Bxe4 22. Bxe4 Qc8 23. Rfa1 f5 1/2-1/2

[Event "Tenerife-ch"]
[Site "Santa Cruz"]
[Date "2021.05.31"]
[Round "5"]
[White "Exposito Cruz, Airam"]
[Black "Abreu Suarez, Isauro"]
[Result "0-1"]
[WhiteElo "1410"]
[BlackElo "1983"]
[PlyCount "73"]
[EventDate "2021.05.21"]
[EventType "swiss"]
[EventRounds "7"]
[EventCountry "ESP"]
[SourceTitle "CBM 203 Extra"]
[Source "ChessBase"]
[SourceDate "2021.09.30"]
[SourceVersion "1"]
[SourceVersionDate "2021.09.30"]
[SourceQuality "1"]

1. e4 Nf6 2. e5 Nd5 3. d4 d6 4. c4 Nb6 5. f4 g6 6. Nc3 Bg7 7. Be3 Be6 8. b3 0-0 9. Be2 Na6 10. Rc1 c5 11. dxc5 dxc5 12. Nf3 f6 13. exf6 exf6 14. 0-0 Re8 15. Qe1 Qe7 16. Nd1 Rad8 17. Qf2 Bf7 18. Re1 Nc8 19. Bf1 b6 20. f5 Qb7 21. Nc3 Nd6 22. fxg6 hxg6 23. Bf4 Ne4 24. Nxe4 Rxe4 25. Rxe4 Qxe4 26. Nd2 Qf5 27. Be3 Be6 28. Qxf5 Bxf5 29. Nf3 g5 30. Be2 Nb4 31. a3 Nc2 32. Kf2 Nxe3 33. Kxe3 g4 34. Nh4 Bh6+ 35. Kf2 Bxc1 36. Nxf5 Rd2 37. Ke1 0-1

[Event "Isla de Tenerife U1500 2nd"]
[Site "Puerto de la Cruz"]
[Date "2021.04.03"]
[Round "6"]
[White "Exposito Cruz, Airam"]
[Black "Diaz Reyes, Iker"]
[Result "1-0"]
[WhiteElo "1446"]
[BlackElo "1229"]
[PlyCount "55"]
[EventDate "2021.04.01"]
[EventType "tourn"]
[EventRounds "7"]
[EventCountry "ESP"]
[SourceTitle "EXT 2022"]
[Source "ChessBase"]
[SourceDate "2021.10.06"]
[SourceVersion "1"]
[SourceVersionDate "2021.10.06"]
[SourceQuality "1"]

1. e4 e5 2. Nf3 Nc6 3. d4 exd4 4. Nxd4 Bc5 5. Nb3 Bb6 6. Qe2 Nge7 7. Nc3 0-0 8. Bg5 f6 9. Be3 d5 10. 0-0-0 Be6 11. Bxb6 axb6 12. exd5 Qc8 13. Qxe6+ Qxe6 14. dxe6 Ne5 15. Kb1 c6 16. f4 N5g6 17. g3 b5 18. Bd3 f5 19. Nc5 Ra7 20. Nd7 Rfa8 21. Nb6 Rb8 22. g4 Nxf4 23. Bxf5 b4 24. Ne4 Ra6 25. Nc5 Ra7 26. Rd7 Ned5 27. Rd1 Nxb6 28. Rd8+ 1-0

[Event "Isla de Tenerife U1500 2nd"]
[Site "Puerto de la Cruz"]
[Date "2021.04.01"]
[Round "1"]
[White "Oudeh Mishmesh, Lara"]
[Black "Exposito Cruz, Airam"]
[Result "0-1"]
[WhiteElo "1397"]
[BlackElo "1446"]
[PlyCount "84"]
[EventDate "2021.04.01"]
[EventType "tourn"]
[EventRounds "7"]
[EventCountry "ESP"]
[SourceTitle "EXT 2022"]
[Source "ChessBase"]
[SourceDate "2021.10.06"]
[SourceVersion "1"]
[SourceVersionDate "2021.10.06"]
[SourceQuality "1"]

1. d4 Nf6 2. Bf4 e6 3. e3 d5 4. c3 c5 5. Nd2 Nc6 6. Ngf3 Bd6 7. Bg3 0-0 8. Bb5 Ne7 9. b3 cxd4 10. cxd4 a6 11. Bd3 Nf5 12. Be5 b5 13. Qc2 Ra7 14. 0-0 Rc7 15. Qb2 Bb7 16. Rac1 Ne4 17. Rxc7 Qxc7 18. Rc1 Qe7 19. Bxd6 Nfxd6 20. Qa3 Nxf2 21. Bb1 Ng4 22. b4 Nf5 23. Re1 Rc8 24. e4 dxe4 25. Nxe4 Qc7 26. h3 Nge3 27. Nfd2 Nc2 28. Bxc2 Qxc2 29. Qb3 Nxd4 30. Qxc2 Nxc2 31. Rb1 Bxe4 32. Nxe4 h6 33. Rb3 Rc4 34. Rc3 Rxc3 35. Nxc3 Nxb4 36. Kf2 f5 37. Ke2 Kf7 38. Kd2 Kf6 39. a3 Nd5 40. Ne2 Ke5 41. Kc1 Nf4 42. Nxf4 Kxf4 0-1

[Event "Tenerife-chT Primera 1617"]
[Site "Tenerife"]
[Date "2017.04.01"]
[Round "11.2"]
[White "Sanchez Martin, Jacobo"]
[Black "Exposito Cruz, Airam"]
[Result "1-0"]
[WhiteElo "1773"]
[BlackElo "1455"]
[PlyCount "39"]
[EventDate "2016.12.10"]
[EventType "team-tourn"]
[EventRounds "14"]
[EventCountry "ESP"]
[SourceTitle "EXT 2018"]
[Source "ChessBase"]
[SourceDate "2017.10.13"]
[SourceVersion "1"]
[SourceVersionDate "2017.10.13"]
[SourceQuality "1"]
[WhiteTeam "Universidad"]
[BlackTeam "Laguna Cotelec II"]
[WhiteTeamCountry "ESP"]
[BlackTeamCountry "ESP"]

1. e4 c5 2. Nf3 d6 3. c3 Nf6 4. e5 dxe5 5. Nxe5 Nbd7 6. Nf3 e6 7. d4 Be7 8. Bd3 0-0 9. 0-0 Nd5 10. Re1 b6 11. a3 Bb7 12. dxc5 Bxc5 13. c4 N5f6 14. Bg5 Rc8 15. Nbd2 Qc7 16. Rc1 Ng4 17. Bh4 Ngf6 18. Bg3 Qc6 19. Ne4 Rfd8 20. b4 1-0

[Event "Tenerife-chT Primera 1617"]
[Site "Tenerife"]
[Date "2017.03.11"]
[Round "8.2"]
[White "Exposito Cruz, Airam"]
[Black "Baez Luis, Adrian"]
[Result "1-0"]
[WhiteElo "1455"]
[BlackElo "1438"]
[PlyCount "61"]
[EventDate "2016.12.10"]
[EventType "team-tourn"]
[EventRounds "14"]
[EventCountry "ESP"]
[SourceTitle "EXT 2018"]
[Source "ChessBase"]
[SourceDate "2017.10.13"]
[SourceVersion "1"]
[SourceVersionDate "2017.10.13"]
[SourceQuality "1"]
[WhiteTeam "Laguna Cotelec II"]
[BlackTeam "Playa San Juan"]
[WhiteTeamCountry "ESP"]
[BlackTeamCountry "ESP"]

1. e4 g6 2. Nf3 Bg7 3. d4 d6 4. Nc3 Nf6 5. Be2 0-0 6. h3 c5 7. Be3 cxd4 8. Nxd4 Bd7 9. 0-0 Nc6 10. Nb3 Rc8 11. f4 a6 12. Bf3 Qc7 13. a4 Nb4 14. a5 Be6 15. Bb6 Qd7 16. Nd4 Bc4 17. Rf2 e5 18. Nde2 Bh6 19. Ra4 Bxe2 20. Bxe2 Nxe4 21. Nxe4 Qxa4 22. Nf6+ Kh8 23. Qxd6 Bxf4 24. Rxf4 exf4 25. Bd4 Qc6 26. Qxb4 Rfd8 27. Ne8+ Kg8 28. Nf6+ Kh8 29. Nd5+ Kg8 30. Ne7+ Kf8 31. Nxc6+ 1-0

[Event "Tenerife-chT Primera 1617"]
[Site "Tenerife"]
[Date "2017.02.18"]
[Round "7.2"]
[White "Hoyas Cebrian, Lucas"]
[Black "Exposito Cruz, Airam"]
[Result "1-0"]
[WhiteElo "1908"]
[BlackElo "1455"]
[PlyCount "67"]
[EventDate "2016.12.10"]
[EventType "team-tourn"]
[EventRounds "14"]
[EventCountry "ESP"]
[SourceTitle "CBM 176 Extra"]
[Source "ChessBase"]
[SourceDate "2017.03.02"]
[SourceVersion "1"]
[SourceVersionDate "2017.03.02"]
[SourceQuality "1"]
[WhiteTeam "La Victoria 94"]
[BlackTeam "Laguna Cotelec II"]
[WhiteTeamCountry "ESP"]
[BlackTeamCountry "ESP"]

1. Nf3 Nf6 2. c4 g6 3. b3 Bg7 4. Bb2 d6 5. g3 0-0 6. Bg2 e5 7. d3 Nc6 8. 0-0 Re8 9. Nfd2 Rb8 10. Na3 Be6 11. Nc2 Nd7 12. b4 f5 13. e3 Qe7 14. d4 e4 15. Rc1 Qf7 16. b5 Ne7 17. Na3 d5 18. Qa4 Nc5 19. dxc5 Bxb2 20. Rc2 Bxa3 21. Qxa3 dxc4 22. Rfc1 Red8 23. Nxc4 Bxc4 24. Rxc4 c6 25. bxc6 Nxc6 26. Bf1 Rd2 27. Qc3 Rxa2 28. Rxe4 Na5 29. Rd4 Kf8 30. Rd6 Qb3 31. Qh8+ Qg8 32. Qe5 Nc6 33. Rxc6 bxc6 34. Qxb8+ 1-0

[Event "Tenerife-chT Segunda 1516"]
[Site "Tenerife"]
[Date "2016.04.16"]
[Round "13.2"]
[White "Mukhi Talreja, Ishita Tina"]
[Black "Exposito Cruz, Airam"]
[Result "1/2-1/2"]
[WhiteElo "1479"]
[BlackElo "1457"]
[PlyCount "90"]
[EventDate "2015.12.12"]
[EventType "team-tourn"]
[EventRounds "15"]
[EventCountry "ESP"]
[SourceTitle "EXT 2017"]
[Source "ChessBase"]
[SourceDate "2016.10.25"]
[SourceVersion "1"]
[SourceVersionDate "2016.10.25"]
[SourceQuality "1"]
[WhiteTeam "Los Piratas"]
[BlackTeam "Achinet Gambito de Rey II"]
[WhiteTeamCountry "ESP"]
[BlackTeamCountry "ESP"]

1. d4 Nf6 2. Nf3 g6 3. g3 Bg7 4. Bg2 0-0 5. 0-0 d6 6. c3 Nbd7 7. Re1 c6 8. Nbd2 Re8 9. e4 e5 10. Nc4 Qc7 11. dxe5 Nxe5 12. Qxd6 Nxf3+ 13. Bxf3 Qe7 14. Qxe7 Rxe7 15. Nd6 Be6 16. e5 Nd5 17. Bg5 Rd7 18. Ne4 b6 19. Nf6+ Bxf6 20. Bxf6 Nxf6 21. Bxc6 Rc8 22. Bxd7 Nxd7 23. Rad1 Rc5 24. f4 Rd5 25. Rxd5 Bxd5 26. Rd1 Be6 27. b4 Kf8 28. a4 Ke7 29. Rd6 f6 30. Rc6 fxe5 31. fxe5 h5 32. Rc7 a6 33. Ra7 Bc4 34. Rc7 Be6 35. Ra7 Bc4 36. a5 bxa5 37. bxa5 Ke6 38. Rc7 Nxe5 39. h3 Kf5 40. Kf2 Ke4 41. Re7 Bd3 42. Rb7 Kd5 43. Rb4 Nc4 44. Ra4 Bc2 45. Ra2 Bb3 1/2-1/2

[Event "Tenerife Autumn op"]
[Site "Tenerife"]
[Date "2015.10.30"]
[Round "9"]
[White "Exposito Hernandez, Samuel"]
[Black "Exposito Cruz, Airam"]
[Result "1-0"]
[WhiteElo "1559"]
[BlackElo "1467"]
[PlyCount "75"]
[EventDate "2015.10.14"]
[EventType "swiss"]
[EventRounds "9"]
[EventCountry "ESP"]
[SourceTitle "CBM 169 Extra"]
[Source "ChessBase"]
[SourceDate "2015.12.18"]
[SourceVersion "1"]
[SourceVersionDate "2015.12.18"]
[SourceQuality "1"]

1. d4 Nf6 2. c4 g6 3. Nc3 Bg7 4. Nf3 0-0 5. e4 d6 6. Be2 e5 7. 0-0 Nc6 8. d5 Ne7 9. Ne1 Nd7 10. f3 f5 11. Be3 f4 12. Bf2 g5 13. b4 Nf6 14. c5 Ng6 15. cxd6 cxd6 16. Rc1 Rf7 17. a4 h5 18. a5 Bf8 19. Nb5 a6 20. Bb6 Qe7 21. Rc7 Bd7 22. Na3 g4 23. Bf2 g3 24. hxg3 fxg3 25. Bxg3 h4 26. Bh2 Nh5 27. Rf2 Ng3 28. Nec2 Nf4 29. Bd3 Qg5 30. Qd2 b6 31. Ne3 Bh6 32. Ng4 Nfe2+ 33. Rxe2 Qxd2 34. Rxd2 Bxd2 35. Nb1 Bf4 36. Bxg3 Bxg3 37. Nh6+ Kf8 38. Nxf7 1-0